Ricostruisci la Carriera del Calciatore - Massimo Ambrosini - Statistics

Statistiche generali
  • Questo quiz è stato fatto 12 volte
  • Il punteggio medio è 3 su 5
Statistiche sulle risposte
Hint Risposta % Corretto
1998-2013 Milan
88%
2013-2014 Fiorentina
75%
1997-1998 Vicenza
75%
1994-1995 Cesena
50%
1995-1997 Milan
13%
Nessun quiz corrispondente trovato
Distribuzione punteggi
Percentuale di utenti per punteggio
Percentile per numero di risposta
I tuoi punteggi nel tempo
Non hai fatto questo quiz